00472nam a2200193Ia 4500003000900000008004100009020002200050040001600072080001300088100002500101245004300126260003900169300001000208650001100218650001000229650000900239650001100248650001900259IN-BaIIA211028s9999 xx 000 0 eng d a978-0-486-66895-6 cIIA Library a531bMAX aMaxwell, James Clerk 0aMatter and motioncJames Clerk Maxwell aNew YorkbDover Publicationsc1991 a163p. aEnergy aForce aMass aMotion aRecapitulation